000 00450nam a2200157Ia 4500
005 20240530011323.0
008 240331s9999 xx 000 0 und d
082 _bGUN
_a335.01
100 _aGunawardena, R.A.L.H
245 4 _aThe analysis of pre-colonial social formations in Asia in the writings of Karl Marx
260 _aColombo
_bSocial Scientists Association
_c1976
300 _a23 p .,
650 _aSocial
650 _asociety
942 _cL
999 _c2788
_d2788